Vyhlídky a problémy světového automobilového průmyslu do roku 2000 /

Hlavní autor: Chaloupka, Jindřich
Jazyk: Čeština
Vydáno: Praha : ÚVTEI, 1985
Edice: Publikace SIVO
Témata:
Fyzický popis: 54 s. : tb. ; 29 cm
Knihy
Uloženo v:
LEADER 00959nam a22003132a 4500
001 000872873
003 CZ BrMZK
005 20071027170549.0
007 ta
008 071027s1985 xr a er|||||||||||cze d
015 |a cnb000028619 
020 |q (Brož.) :  |c 30 Kčs 
035 |a (OCoLC)39577423 
040 |a ABA001  |b cze  |d ABA001 
080 9 |a 629.113 
080 9 |a 338.45 
100 1 |a Chaloupka, Jindřich  |7 jx20040727021  |4 aut 
245 1 0 |a Vyhlídky a problémy světového automobilového průmyslu do roku 2000 /  |c zprac. J. Chaloupka 
260 |a Praha :  |b ÚVTEI,  |c 1985 
300 |a 54 s. :  |b tb. ;  |c 29 cm 
490 1 |a Publikace SIVO ;  |v 2025 
504 |a Obsahuje bibliografii 
500 |a Pozn. k tabulkám 
655 7 |a studie  |7 fd133597  |2 czenas 
830 0 |a Publikace SIVO 
910 |a BOA001  |b 4-0890.847 
990 |a BK 
991 |b 200710 
996 6 |b BC-491386  |c 4-0890.847  |l MZK  |r Sklad / do 1 hodiny  |n 0  |w 000872873  |u 000010  |a 1  |e BOA001  |j MZK50  |s P